[Event "Chinese-Russian Summit 2018"]
[Site "Qinhuangdao"]
[Date "2018.06.01"]
[Round "5"]
[White "Girya, Olga"]
[Black "Ni, Shiqun"]
[Result "*"]
[WhiteElo "2465"]
[BlackElo "2444"]
[Annotator "TA"]
[PlyCount "54"]
[EventDate "2018.??.??"]
[EventCountry "CHN"]
[SourceTitle "playchess.com"]
[Source "ChessBase"]
[SourceQuality "1"]

{[%evp 28,54,-6,-12,41,0,26,30,22,35,171,139,176,179,184,108,237,243,211,84,80,79,77,-534,0,0,0,-147,461]} 1. d4 Nf6 2. c4 g6 3. Nc3 d5 4. Nf3 Bg7 5. cxd5 Nxd5 6. e4 Nxc3 7. bxc3 c5 8. h3 O-O 9. Be3 Nc6 10. Be2 cxd4 {D85: Exchange Grünfeld: Unusual White 7th moves and lines with 7 Nf3} (10... f5 11. Qb3+ Kh8 12. Rd1 cxd4 13. Nxd4 Nxd4 14. Bxd4 Qc7 15. exf5 Bxf5 16. O-O Bxd4 17. Rxd4 Rac8 18. c4 {½-½ (30) Piorun,K (2638)-Areshchenko,A (2677) Poland 2017}) 11. cxd4 Qa5+ 12. Bd2 Qa3 13. d5 Ne5 14. O-O Nxf3+ 15. Bxf3 {[#] LiveBook: 9 Games} e6 $146 ({Better is} 15... Bxa1 $11 16. Qxa1 f6) ({Predecessor:} 15... Bxa1 16. Qxa1 f6 {½-½ (26) Babula,V (2556)-Plat,V (2539) Slovakia 2018}) 16. Re1 exd5 17. Rb1 {[%cal Ba1b1,Bb1b7,Bb7c7][%mdl 32]} Qxa2 {Strongly threatening ...dxe4.} 18. exd5 {[%cal Be4d5,Bd5d6][%mdl 32]} a5 (18... Bd7 $14) 19. d6 $18 Bd7 20. Rxb7 Ba4 21. Qe2 (21. Qc1 $1 $18) 21... Rfd8 (21... Rab8 $16 {was necessary.}) 22. Qd3 Bc2 23. Bd5 (23. Qe3 $1 $18 {is the precise move to win. Hoping for Re7.} Ba4 24. Qf4) 23... Rxd6 $16 24. Bxa2 Rxd3 25. Rc7 $2 {[%mdl 8192]} ({Much weaker is} 25. Rxf7 Bb3 $11) (25. Bxf7+ $16 Kh8 26. Bxa5 $1 {[%mdl 512]}) 25... Bb3 $2 ({Black should play} 25... Rxd2 $19 26. Rxf7 Be4 $1 {[%mdl 512]}) 26. Bxb3 $11 Rxb3 27. Ree7 {[#]} (27. Ra7 $1 $11 {keeps the balance.} Rbb8 28. Rxa5) 27... Be5 $2 {[%mdl 8192] Precision: White = 37%, Black = 19%.} (27... Bf8 $1 $17 {[%cal Rf8e7]} 28. Ra7 Rd8) *

[Event "Chinese-Russian Summit 2018"]
[Site "Qinhuangdao"]
[Date "2018.06.01"]
[Round "5"]
[White "Huang, Qian"]
[Black "Pogonina, Natalija"]
[Result "*"]
[WhiteElo "2439"]
[BlackElo "2457"]
[Annotator "TA"]
[PlyCount "53"]
[EventDate "2018.??.??"]
[EventCountry "CHN"]
[SourceTitle "playchess.com"]
[Source "ChessBase"]
[SourceQuality "1"]

{[%evp 18,53,0,7,79,78,68,27,17,23,27,25,53,45,35,14,15,0,0,4,7,11,12,7,7,3,8,0,0,0,0,0,0,0,13,5,8,7]} 1. c4 e6 2. g3 d5 3. Bg2 Nf6 4. Nf3 dxc4 5. Qa4+ Bd7 6. Qxc4 {A13: English Opening: 1...e6} c5 7. O-O (7. d4 Bc6 8. dxc5 Nbd7 9. Be3 Bd5 10. Qc2 Be4 11. Qc1 Ng4 12. b4 a5 13. Bg5 f6 14. Bd2 axb4 15. Bxb4 Nxc5 16. Bxc5 Rc8 17. Qc4 Bxc5 18. Qxe6+ {½-½ (41) Ding,L (2769)-Aronian,L (2794) Berlin 2018}) 7... Bc6 8. d4 cxd4 9. Nxd4 Bxg2 10. Kxg2 {LiveBook: 3 Games} Qd5+ (10... Nbd7 $11 {remains equal.}) 11. Qxd5 $16 Nxd5 12. a3 $146 ({Predecessor:} 12. Rd1 a6 13. Nd2 Nd7 14. N2b3 Rc8 15. Bd2 Be7 {½-½ (45) Inkiov,V (2475)-Majorovas,V (2450) Chalon sur Saone 1991}) 12... a6 13. e4 Nf6 14. f3 Nbd7 15. Be3 Bc5 16. b4 Ba7 {The position is equal.} 17. Nd2 Ke7 18. Rfc1 Rhc8 19. Kf2 Ne8 20. f4 Nd6 21. a4 f6 22. Ke2 g6 23. N4b3 Bxe3 24. Kxe3 e5 25. Nc5 b6 26. Nd3 Ke6 27. a5 {Precision: White = 61%, Black = 65%.} *

[Event "Chinese-Russian Summit 2018"]
[Site "Qinhuangdao"]
[Date "2018.06.01"]
[Round "5"]
[White "Shuvalova, Polina"]
[Black "Shen, Yang"]
[Result "1/2-1/2"]
[WhiteElo "2416"]
[BlackElo "2468"]
[Annotator "TA"]
[PlyCount "114"]
[EventDate "2018.??.??"]
[EventCountry "CHN"]
[SourceTitle "playchess.com"]
[Source "ChessBase"]
[SourceQuality "1"]

{[%evp 23,114,20,25,14,22,0,0,0,0,0,3,0,0,7,28,0,0,-69,-60,-66,-72,-89,-92,-97,-65,-75,68,56,47,10,8,9,67,0,29,35,73,0,111,33,140,119,108,119,269,269,295,324,326,325,315,296,258,166,165,159,175,166,163,19,109,0,190,190,250,229,1079,311,837,714,920,577,941,122,128,61,61,61,77,-5631,0,-29978,0,0,146,145,146,145,1329,0,66,0,124]} 1. d4 d5 2. c4 c6 3. cxd5 cxd5 4. Bf4 Nf6 5. Nc3 Nc6 6. e3 Bf5 7. Qb3 Na5 8. Qa4+ {D10: Slav Defence: 3 cxd5 (without early Nf3) and 3 Nc3} Bd7 9. Qc2 e6 10. Nf3 Rc8 11. Bd3 Bb4 12. O-O O-O {LiveBook: 13 Games} 13. Ne5 h6 {[#]} 14. a3 $146 ({Predecessor:} 14. h3 a6 15. a4 Be8 {½-½ (26) Sasikiran,K (2682)-Kovalenko,I (2661) Moscow 2015}) 14... Bxc3 15. bxc3 Nh5 16. Rfe1 {[%cal Bf1e1,Be1e3,Be3g3,Bg3g4][%mdl 32]} Be8 17. h3 Nxf4 18. exf4 Qh4 19. Re3 Qxf4 20. Rae1 (20. Qb2 $11) 20... Qh4 21. Qd2 Nc6 22. Bb1 Nxe5 23. dxe5 Rc7 24. Rg3 Bb5 (24... Kh8 $17) 25. Rg4 $14 Qh5 $1 26. Qe3 $40 {[%mdl 128] White is up to no good.} Rfc8 27. Qxa7 g6 (27... Ba6 $11) 28. Re3 ({White should play} 28. f4 $1 $14 Rxc3 29. Qxb7) 28... Ba6 29. Qb6 Rc6 ({Wrong is} 29... Rxc3 $2 30. Bxg6 $1 {[%mdl 512]} Qxg4 31. hxg4 $18) 30. Qb3 (30. Qb2 $16) 30... Kg7 (30... Rc5 $1 $11) 31. Qb2 (31. f4 $16) 31... R8c7 ({Better is} 31... Rc4 $14) 32. f4 $16 Rc4 33. Kh2 Rd7 (33... R7c5 $16 {was called for.}) 34. Qf2 $1 $18 d4 35. Rd3 $1 Rxc3 36. Rxd4 Rcc7 37. Rxd7 Rxd7 38. Qe3 Bb5 39. Bc2 Bc6 40. Kg3 Bb5 41. Be4 (41. Qc3 $18) 41... Bc6 (41... Ba4 $1 $11) 42. Bc2 (42. Bd3 $16) 42... Bb5 $1 43. a4 Ba6 (43... Rc7 $142) 44. Qc3 $1 Kf8 $2 (44... b6 45. Qc6 Rd2) 45. a5 $2 (45. Qc8+ Ke7 46. Rh4 Qxh4+ 47. Kxh4) 45... Rd5 $2 (45... Kg7 46. f5 Be2) 46. Be4 Rb5 47. Qd3 {Strongly threatening Qd8+.} Kg7 {[#]} 48. Rh4 $2 (48. Bxg6 $1 $18 {[%mdl 512] and White stays clearly on top.} fxg6 49. Qd7+ Kh8 50. Qe8+ Kg7 51. Qe7+ Kg8 52. Qxe6+ Kh7 53. Qf7+ Kh8 54. Rxg6 Qxg6+ 55. Qxg6 Rb3+ 56. Kh4) 48... Rb4 $16 49. Qc3 (49. Qd8 $16 Qxh4+ 50. Qxh4 Rxe4 51. Qf6+ Kg8 52. Qd8+ Kg7 53. Kf3) 49... Qxh4+ $1 $14 50. Kxh4 Rxe4 {[%mdl 4096] Endgame KQ-KRB} 51. g3 $2 {[%mdl 8192] [#]} (51. Kg3 $16) 51... Bc4 $2 (51... g5+ $1 $19 52. Kh5 Be2+ 53. g4 Rxf4) 52. Qb4 $2 {[%mdl 8192]} (52. Qd2 $11) 52... Bd5 $2 (52... g5+ $1 {mates} 53. Kh5 Be2+ 54. g4 Rxb4 55. fxg5 hxg5 56. Kxg5 Re4 57. Kh5 Rxe5+ 58. Kh4 Rxa5 59. Kg3 b5 60. Kf2 Ra2 61. Ke3 b4 62. Kf4 b3 63. h4 b2 64. h5 b1=Q 65. h6+ Kg6 66. h7 Qb4+ 67. Ke3 Qc3+ 68. Kf2 Bxg4+ 69. Kg1 Qe1#) 53. Qe7 Re2 {[#]} (53... Ra4 $11 {keeps the balance.}) 54. Qf6+ $1 $16 Kg8 55. Qd8+ Kh7 $2 {[%mdl 8192]} (55... Kg7 $16 56. Qf6+ Kg8 57. Qd8+ Kg7 58. Qf6+) 56. Qf6 $2 ({Only move:} 56. Qf8 $18 Rc2 57. Qxf7+ Kh8 58. Qxg6) 56... Kg8 $14 57. Qd8+ (57. a6 $14 bxa6 58. f5) 57... Kg7 {Precision: White = 34%, Black = 29%.} (57... Kh7 $1 $11 {remains equal.}) 1/2-1/2

[Event "Chinese-Russian Summit 2018"]
[Site "Qinhuangdao"]
[Date "2018.06.01"]
[Round "5"]
[White "Xiao, Yiyi"]
[Black "Goryachkina, Aleksandra"]
[Result "1/2-1/2"]
[WhiteElo "2345"]
[BlackElo "2496"]
[Annotator "TA"]
[PlyCount "27"]
[EventDate "2018.??.??"]
[EventCountry "CHN"]
[SourceTitle "playchess.com"]
[Source "ChessBase"]
[SourceQuality "1"]

{[%evp 26,27,20,0]} 1. d4 Nf6 2. c4 e6 3. g3 d5 4. Bg2 Bb4+ 5. Bd2 Be7 6. Nf3 O-O 7. O-O c6 8. Qc2 Nbd7 9. Rd1 b6 10. Bf4 Nh5 $146 ({Vorgänger:} 10... Bb7 11. Ne5 Nh5 12. Bd2 Nhf6 13. cxd5 cxd5 14. Nc6 Bxc6 15. Qxc6 a6 16. a4 Rc8 17. Qb7 Nb8 18. Na3 Qc7 19. Qxc7 Rxc7 {½-½ (52) Cheparinov,I (2710)-Kuzubov,Y (2699) Riadh 2017}) 11. Bc1 Nhf6 12. Bf4 Nh5 13. Bc1 Nhf6 14. Bf4 {LiveBook: 742 Partien} 1/2-1/2

[Event "Chinese-Russian Summit 2018"]
[Site "Qinhuangdao"]
[Date "2018.06.01"]
[Round "5"]
[White "Zhai, Mo"]
[Black "Gunina, Valentina"]
[Result "1-0"]
[WhiteElo "2304"]
[BlackElo "2526"]
[Annotator "TA"]
[PlyCount "70"]
[EventDate "2018.??.??"]
[EventCountry "CHN"]
[SourceTitle "playchess.com"]
[Source "ChessBase"]
[SourceQuality "1"]

{[%evp 25,70,31,36,38,41,36,95,70,312,299,316,308,340,347,597,584,563,460,440,394,408,391,389,379,394,348,547,510,552,541,539,533,471,443,660,891,881,882,867,862,838,830,831,779,1408,1191,1166]} 1. c4 c5 2. Nc3 Nf6 3. Nf3 e6 4. g3 b6 5. Bg2 Bb7 6. O-O Be7 7. Re1 d5 8. cxd5 Nxd5 9. d4 Nxc3 10. bxc3 O-O 11. e4 cxd4 12. cxd4 Nc6 13. Bb2 Na5 {LiveBook: 14 Games. A30: Symmetrical English: Double Fianchetto and Hedgehog} 14. d5 exd5 15. exd5 Rc8 (15... Nc4 $14) 16. Ne5 $1 $16 Bb4 $146 {[#]} (16... Bf6 $14) ({Predecessor:} 16... Bf6 17. Qd3 Re8 18. d6 Rc5 19. Nxf7 Kxf7 20. Rxe8 Kxe8 21. Re1+ {1-0 (29) Lenderman,A (2593)-Enkhtuul,A (2302) Douglas 2016}) 17. Qg4 $1 $18 {And now Nc6 would win.} Bc3 {[#]} 18. Nc6 $1 {[%mdl 512]} f5 (18... Nxc6 19. Bxc3) 19. Qf3 ({Not} 19. Nxd8 fxg4 20. Bxc3 Rfxd8 $16) 19... Bxb2 $2 (19... Rxc6 {keeps fighting.} 20. dxc6 Bxb2) 20. Nxd8 Rcxd8 21. Rab1 Bd4 22. Rbd1 Bc5 23. Re5 f4 24. g4 Bd6 25. Rf5 Bc8 (25... Rfe8 $142 26. Rxf4 Bxf4) 26. Rxf8+ {White is clearly winning.} Rxf8 27. Bf1 Bd7 28. Rc1 Nb7 29. Rc6 Be5 (29... Bb8 $142 30. Rc1 Bd6) 30. Qe4 Bf6 31. Bd3 g6 {[#]} 32. Rxf6 $1 Rxf6 33. Qe5 Rf8 34. d6 Rc8 35. Qd5+ Kf8 {Precision: White = 96%, Black = 30%.} 1-0

[Event "Chinese-Russian Summit 2018"]
[Site "Qinhuangdao"]
[Date "2018.05.26"]
[Round "7"]
[White "Esipenko, Andrey"]
[Black "Lu, Shanglei"]
[Result "0-1"]
[WhiteElo "2587"]
[BlackElo "2643"]
[Annotator "TA"]
[PlyCount "26"]
[EventDate "2018.??.??"]
[EventCountry "CHN"]
[SourceTitle "playchess.com"]
[Source "ChessBase"]
[SourceQuality "1"]

{[%evp 5,5,31]} 1. d4 d5 2. Nf3 Nf6 3. c4 {Vorgänger:} e6 $146 4. Nc3 dxc4 5. e4 Bb4 6. Bxc4 Nxe4 7. O-O Nxc3 8. bxc3 Be7 9. Ne5 O-O 10. Re1 Nc6 11. Qg4 f5 12. Qf3 Nxe5 13. Rxe5 Kh8 {½-½ (37) Karjakin,S (2763)-Mamedyarov,S (2809) Moscow 2018} 0-1

[Event "Chinese-Russian Summit 2018"]
[Site "Qinhuangdao"]
[Date "2018.05.26"]
[Round "7"]
[White "Bai, Jinshi"]
[Black "Matlakov, Maxim"]
[Result "0-1"]
[WhiteElo "2579"]
[BlackElo "2704"]
[Annotator "TA"]
[PlyCount "22"]
[EventDate "2018.??.??"]
[EventCountry "CHN"]
[SourceTitle "playchess.com"]
[Source "ChessBase"]
[SourceQuality "1"]

{[%evp 9,22,8,62,-1172,304,-966,-16,-981,-35,-1056,-30,-1060,-3,-966,-33]} 1. e4 c6 2. Nc3 d5 3. Nf3 Bg4 4. h3 e6 (4... Bxf3 5. Qxf3 e6 6. d4 dxe4 7. Qxe4 Nf6 8. Qd3 Na6 9. a3 Qb6 10. Be2 Be7 11. O-O O-O 12. Rd1 Rfd8 13. b4 Nc7 14. Na4 Qb5 {½-½ (39) Vachier Lagrave,M (2794)-Ivanchuk,V (2732) Germany 2018}) 5. d4 dxe4 (5... Bxf3 $11 6. Qxf3 (6. gxf3 Nd7 $11) 6... Nf6) 6. Nh4 $146 {[%mdl 8192] [#] B11: Caro-Kann: Two Knights Variation} (6. hxg4 $14 exf3 7. Qxf3 (7. gxf3 Nd7 $14)) ({Predecessor:} 6. hxg4 exf3 7. Qxf3 Qxd4 8. Be3 Qd7 9. Bd3 g6 10. O-O-O Qe7 11. Ne4 Nd7 12. Ba6 bxa6 13. Nd6+ Kd8 14. Qxc6 Rb8 15. Bxa7 Qg5+ 16. Kb1 Bxd6 17. Bxb8 Nxb8 {1-0 (17) Mikhailov,S (2416)-Talipov,N (2042) Kazan 2009}) 6... Nf6 $4 {[%mdl 8192]} (6... Bxd1 $19 {and all is fine.} 7. Nxd1 Qxh4) 7. Qd3 $4 {[%mdl 8192]} (7. hxg4 $18 h6 8. g3) 7... Nbd7 $2 (7... exd3 $19 8. hxg4 dxc2) 8. g3 $2 {[%mdl 8192]} (8. Nxe4 $11 Bh5 9. Ng3) 8... Be7 $2 ({Better is} 8... exd3 $19 9. hxg4 dxc2) 9. Bg2 $2 {[%mdl 8192]} (9. Nxe4 $15 Bh5 10. Bg2) 9... O-O $2 {[#]} ({Black should try} 9... exd3 $19 10. hxg4 dxc2) 10. O-O $2 {[%mdl 8192]} (10. Bxe4 $11 Bh5 11. Bf3) 10... a5 $2 (10... exd3 $19 11. hxg4 Nxg4) 11. Bd2 $2 {[%mdl 8192]} (11. Nxe4 $11 Bh5 12. Bf3) 11... a4 $2 {Precision: White =  0%, Black =  0%.} (11... exd3 $19 12. hxg4 Nxg4) 0-1